000 00971nam a2200253 a 4500
003 CBULib
005 20240802101532.0
008 210203s2020 ||||||||||||||||| || u
040 _aCBULib
_bEnglish
_cCBULib
_erda
041 _aeng
050 _aUNCTAD(058)TDRO/2020
110 _aUnited Nations Conference on Trade and Development (UNCTAD)
245 1 0 _aTrade and development report 2020 : from global pandemic to prosperity for all: avoiding another lost decade : overview
_c/ by United Nations Conference on Trade and Development(UNCTAD)
260 _aGeneva :
_bUnited Nations,
_c2020.
300 _a25 pages
336 _2rdacontent
_aText |
_btxt
337 _2rdamedia
_aUnmediated |
_bn
338 _2rdacarrier
_aVolume
_bnc
650 0 _aEQUALITY--ECONOMIC ASPECTS
650 0 _aCOVID 19(DISEASE)--ECONOMIC ASPECTS
650 0 _aGLOBALIZATION--ECONOMIC ASPECTS
942 _2mc
_c029
999 _c60126
_d60126